00657ntaaa2200181 45000030003000000050017000030080021000200400037000410820017000782450093000952500028001883000011002166500032002279420007002599990017002669520103002839520089003860120251027201555.00714s1973 ag 01  aAR-BaBNbspacAR-BaBNeaacrdRIC a230.0000 Es8 aEsto Creemos; práticas sencillas sobre las doctrinas y la práctica del Cristianismo. a1 ed. : bMoody, cn.f. a127 p. aDoctrinas Cristianas914302 cBK c10321d10321 00104070aBPbBPd2025-10-27i14699l0o230.0000 Es8p14699r2025-10-27 20:15:55w2025-10-27yBK 00104070aBPbBPd2025-10-27i26798l0p26798r2025-10-27 20:15:55w2025-10-27yBK